| 000 | 00807cam a2200193 4500 | ||
|---|---|---|---|
| 008 | 000000n2002 000 0 eng u | ||
| 020 | _a0860175812 | ||
| 035 | _a(Sirsi) u120157 | ||
| 050 | _a658.2 | ||
| 100 | _aArmstrong, J. | ||
| 245 | _aFacilities management manuals : a best practice guide | ||
| 260 |
_aLondon _bCIRIA _c2002 |
||
| 300 |
_a124p. _c30cm. |
||
| 350 | _a90 | ||
| 490 |
_aCIRIA Publication _vC581 |
||
| 520 | _aProvides facilities and property managers with a standard structure and content for the development of a facilities management manual flexible enough to be updated throughout the life of the building. Includes templates for data presentation, a sample manual and a model specification for preparing a manual. | ||
| 690 | _aMANAGEMENT-FACILITIES MANAGEMENT | ||
| 942 | _n0 | ||
| 999 |
_c102489 _d102489 |
||